00884cam a2200289 450000100060000001000150000600500170002102100180003809000100005610000410006610100080010710200070011510500180012210600060014093000100014667500160015667500210017270000410019370200310023420000610026521000390032621500240036522500420038999000110043199500850044299500670052728467 a972262065720220405165311.0 aPTb168029/01 a28467 a2007104 d2003 c y0pory5003 ba0 apor aPT aa z 001yy ar lBECRE a087.592104 a821.134.3-93"19" 1aSoares,bLuísa Ducla,f1939-92431 1aLima,bTeresa,f1962-44401 aA cavalo no tempofLuísa Ducla Soaresgil. Teresa Lima aPortocCivilização,dimp. 2003 a[34] p.cil.d22 cm2 aObra completa de Luísa Ducla Soares cLIVROS 0010939364bBECEVIAdBECEVIAf567BVk087.5 SOAo0rLIVROSaBECEVIAcBECEVIAq18 0010949248bBECEVIAdBECEVIAf2082 BVk087.5 SOAo0rLIVROSs